| 000 | 00374nam a22001577a 4500 | ||
|---|---|---|---|
| 003 | NUST | ||
| 020 | _a978-0-521-77362-1 | ||
| 038 | _akhadija | ||
| 082 |
_a122 _bPEA |
||
| 100 |
_aPearl, Judea _982095 |
||
| 245 |
_aCausality : _bModels, Reasoning and Inference / |
||
| 260 |
_aNew York _bCambridge _c2007. |
||
| 500 | _aHardcover. | ||
| 563 | _ahardcover | ||
| 942 |
_cBK _2ddc |
||
| 999 |
_c31845 _d31845 |
||